Guess the Celebrity by Picture - Letter R - Statistics

General Stats
  • This quiz has been taken 303 times
  • The average score is 10 of 16
Answer Stats
Picture Answer % Correct
Rihanna
95%
Ryan Reynolds
93%
Robert Downey Jr.
89%
Ryan Gosling
88%
Robin Williams
77%
Robert Pattinson
74%
Rowan Atkinson
68%
Ronald Reagan
64%
Ringo Starr
61%
Robert De Niro
61%
Richard Nixon
56%
Rupert Grint
54%
Ronaldinho
48%
Rafael Nadal
45%
Rita Ora
39%
Robert Plant
21%
No matching quizzes found
Score Distribution
Percent of People with Each Score
Percentile by Number Answered
Your Score History
You have not taken this quiz